Contemporary Mathematics in Context: (Record no. 14582)
[ view plain ]
| 000 -LEADER | |
|---|---|
| fixed length control field | 00952nam a22002657a 4500 |
| 008 - FIXED-LENGTH DATA ELEMENTS--GENERAL INFORMATION | |
| fixed length control field | 161004b xxu||||| |||| 00| 0 eng d |
| 020 ## - INTERNATIONAL STANDARD BOOK NUMBER | |
| International Standard Book Number | 0939765926 |
| 050 ## - LIBRARY OF CONGRESS CALL NUMBER | |
| Classification number | QA 39.2 .C663 1997 |
| 100 ## - MAIN ENTRY--PERSONAL NAME | |
| Personal name | Coxford, Arthur F. |
| 245 ## - TITLE STATEMENT | |
| Title | Contemporary Mathematics in Context: |
| Remainder of title | a unified approach/ |
| Statement of responsibility, etc. | Arthur F. Coxford, James T. Fey, Christian R. Hirsch, Harold L. Schoen, Gail Burrill, Eric W. Hart, Ann E. Watkins, Mary Jo Messenger and Beth Ritsema |
| 260 ## - PUBLICATION, DISTRIBUTION, ETC. (IMPRINT) | |
| Place of publication, distribution, etc. | Dedham, Massachusetts: |
| Name of publisher, distributor, etc. | Janson Publications, Inc., |
| Date of publication, distribution, etc. | 1997 |
| 300 ## - PHYSICAL DESCRIPTION | |
| Extent | xv, 328p. : |
| Other physical details | ill. ; |
| 440 ## - SERIES STATEMENT/ADDED ENTRY--TITLE | |
| Number of part/section of a work | 2 |
| Name of part/section of a work | Part 1 |
| 500 ## - GENERAL NOTE | |
| General note | Includes index. |
| 650 ## - SUBJECT ADDED ENTRY--TOPICAL TERM | |
| Topical term or geographic name as entry element | Mathematics |
| 700 ## - ADDED ENTRY--PERSONAL NAME | |
| Personal name | Fey, James T. |
| 700 ## - ADDED ENTRY--PERSONAL NAME | |
| Personal name | Hirsch, Christian R. |
| 700 ## - ADDED ENTRY--PERSONAL NAME | |
| Personal name | Schoen, Harold L. |
| 700 ## - ADDED ENTRY--PERSONAL NAME | |
| Personal name | Burrill, Gail |
| 700 ## - ADDED ENTRY--PERSONAL NAME | |
| Personal name | Hart, Eric W. |
| 700 ## - ADDED ENTRY--PERSONAL NAME | |
| Personal name | Watkins, Ann E. |
| 700 ## - ADDED ENTRY--PERSONAL NAME | |
| Personal name | Messenger, Mary Jo |
| 700 ## - ADDED ENTRY--PERSONAL NAME | |
| Personal name | Ritsema, Beth |
| 942 ## - ADDED ENTRY ELEMENTS (KOHA) | |
| Source of classification or shelving scheme | |
| Koha item type | Hard Covered Materials |
| Classification part | QA 39.2 .C663 1997 |
| Withdrawn status | Lost status | Source of classification or shelving scheme | Damaged status | Not for loan | Home library | Current library | Shelving location | Date acquired | Source of acquisition | Total Checkouts | Full call number | Barcode | Date last seen | Price effective from | Koha item type |
|---|---|---|---|---|---|---|---|---|---|---|---|---|---|---|---|
| MACHAKOS UNIVERSITY LIBRARY | MACHAKOS UNIVERSITY LIBRARY | Open shelf | 04/10/2016 | Donation (BFA) | QA 39.2 .C663 1997 | 25507 | 04/10/2016 | 04/10/2016 | Hard Covered Materials |